महान चीनी दार्शनिक लाओ त्सुः (Record no. 38148)

MARC details
000 -LEADER
fixed length control field 03567nam a22003857a 4500
005 - DATE AND TIME OF LATEST TRANSACTION
control field 20110817144627.0
010 ## - LCCN (DPL NO)
LC control number HIN-89768 B-442520-530
020 ## - INTERNATIONAL STANDARD BOOK NUMBER
Terms of availability 95.00
International Standard Book Number 9788121614627
035 ## - SYSTEM CONTROL NUMBER
System control number HN-62114
035 ## - SYSTEM CONTROL NUMBER
System control number B-442520-530
037 ## - SOURCE OF ACQUISITION
Source of stock number/acquisition DBAD / PUB
037 ## - SOURCE OF ACQUISITION
Source of stock number/acquisition आर.बी.सी.
082 ## - DEWEY DECIMAL CLASSIFICATION NUMBER
Classification number 299.514
245 ## - TITLE STATEMENT
Title महान चीनी दार्शनिक लाओ त्सुः
Statement of responsibility, etc इला कुमार द्वारा रूपांतरित
Remainder of title जीवन-दर्शन एवं रचनाएं /
246 ## - VARYING FORM OF TITLE
Title proper/short title Lao Tzu
Remainder of title by Ela Kumar
260 ## - PUBLICATION, DISTRIBUTION, ETC. (IMPRINT)
Place of publication, distribution, etc नई दिल्ली
Name of publisher, distributor, etc हिन्द पॉकेट बुक्स
Date of publication, distribution, etc 2009
270 ## - ADDRESS
Address जे-40, जोरबाग लेन
City नई दिल्ली
Postal code 110003
300 ## - PHYSICAL DESCRIPTION
Extent 140पृ
Dimensions 18सेमी (अजिल्द)
650 ## - SUBJECT ADDED ENTRY--TOPICAL TERM
Topical term or geographic name as entry element हिन्दी कविता
700 ## - ADDED ENTRY--PERSONAL NAME
9 (RLIN) 2266
Personal name इला कुमार
942 ## - ADDED ENTRY ELEMENTS (KOHA)
Source of classification or shelving scheme Dewey Decimal Classification
Item type Hindi Books
Classification part 299.514
Call number suffix महान
Holdings
Withdrawn status Lost status Not for loan Collection code Home library Current library Date acquired Source of acquisition Cost, normal purchase price Full call number Barcode Copy number Cost, replacement price Koha item type
      Non-fiction Bawana Bawana 17/08/2011 आर.बी.सी./25824/12.7.11/82/15.3.11/15.7.11 95.00 299.514 महान B-442528 1 95.00 Hindi Books
      Non-fiction Central Jail Tihar Central Jail Tihar 17/08/2011 आर.बी.सी./25824/12.7.11/82/15.3.11/15.7.11 95.00 299.514 महान B-442525 1 95.00 Hindi Books
  Written-off vide DLB M. No. 383 dt 16.05.19   Non-fiction Central Library Central Library 17/08/2011 आर.बी.सी./25824/12.7.11/82/15.3.11/15.7.11 95.00 299.514 महान B-442520 1 95.00 Hindi Books
    Not For Loan Non-fiction D.B.Act.Division D.B.Act.Division 29/07/2010 DBAD / PUB 95.00 821 महान HN-62114 1 95.00 Hindi Books
      Non-fiction Janak Puri Janak Puri 17/08/2011 आर.बी.सी./25824/12.7.11/82/15.3.11/15.7.11 95.00 299.514 महान B-442526 1 95.00 Hindi Books
      Non-fiction Kasturba Gandhi Marg Kasturba Gandhi Marg 17/08/2011 आर.बी.सी./25824/12.7.11/82/15.3.11/15.7.11 95.00 299.514 महान B-442522 1 95.00 Hindi Books
      Non-fiction Narela Narela 17/08/2011 आर.बी.सी./25824/12.7.11/82/15.3.11/15.7.11 95.00 299.514 महान B-442529 1 95.00 Hindi Books
      Non-fiction Patel Nagar Patel Nagar 17/08/2011 आर.बी.सी./25824/12.7.11/82/15.3.11/15.7.11 95.00 299.514 महान B-442521 1 95.00 Hindi Books
      Non-fiction Peshwa Road Peshwa Road 17/08/2011 आर.बी.सी./25824/12.7.11/82/15.3.11/15.7.11 95.00 299.514 महान B-442523 1 95.00 Hindi Books
      Non-fiction Sarojini Nagar Sarojini Nagar 17/08/2011 आर.बी.सी./25824/12.7.11/82/15.3.11/15.7.11 95.00 299.514 महान B-442527 1 95.00 Hindi Books
      Non-fiction Shahdara Branch Shahdara Branch 17/08/2011 आर.बी.सी./25824/12.7.11/82/15.3.11/15.7.11 95.00 299.514 महान B-442530 1 95.00 Hindi Books
      Non-fiction Tri Nagar Tri Nagar 17/08/2011 आर.बी.सी./25824/12.7.11/82/15.3.11/15.7.11 95.00 299.514 महान B-442524 1 95.00 Hindi Books

© Delhi Public Library
Hit Counter
free hit counter